Can You Travel There? - Sudden Death - Statistics

General Stats
  • This quiz has been taken 57 times
  • The average score is 6 of 15
Answers on the Grid
Answers color-coded by a green-red scale on the quiz's grid according to % correct below.
Algeria
Poland
Kazakhstan
Ethiopia
India
Cameroon
D.R. Congo
Papua New Guinea
Peru
Cuba
Egypt
Armenia
Vietnam
South Korea
Suriname
North Korea
Afghanistan
Iran
Iraq
Somalia
Yemen
Venezuela
Russia
Lebanon
Niger
Haiti
Sudan
South Sudan
Myanmar
Belarus
 
Answer Stats
Answer % Correct
South Korea
71%
India
66%
Poland
61%
Egypt
56%
Vietnam
51%
Algeria
44%
Kazakhstan
44%
Peru
44%
Armenia
39%
Papua New Guinea
34%
Ethiopia
32%
Cameroon
29%
Suriname
29%
Cuba
12%
D.R. Congo
10%
No matching quizzes found
Score Distribution
Percent of People with Each Score
Percentile by Number Answered
Your Score History
You have not taken this quiz